00698nam a2200145Ia 4500008004100000020001800041082001700059100004300076245016400119260005400283300001000337500002700347650009900374700007900473120622s9999 xx 000 0 und d a970-768-006-7 a363.23 B278g aBarrón Cruz, Martín Gabriel, 1963- aGuardia nacional y policía preventiva : dos problemas de seguridad en México / Martín Gabriel Barrón Cruz, Carlos Silva, José Arturo Yáñez Romero aMéxico : Instituto Nacional de Ciencias Penales a155 p aIncluye bibliografía a1. POLICÍA - MÉXICO \ 2. SEGURIDAD POLICIACA - MÉXICO \3. SEGURIDAD NACIONAL - MÉXICO aI. Silva, Carlos ; coaut. \ II.Yáñez Romero, José Arturo ; coaut.Ì